000 00536nam a2200217Ia 4500
003 OSt
005 20230429125217.0
008 210423s1999 xx 000 0 und d
020 _a852261012
040 _cAL
041 _aeng
082 _a660.62 CASL
100 _aCASIDA (L E).
_995429
245 _aIndustrial microbiology.
260 _aNew Delhi
_bNew American Library
_c1999
300 _axi,460
_bPB
365 _b185
_cINR
650 _aBiotechnology
_995430
906 _aIndustrial ; microbiology.
942 _2ddc
_cBK
999 _c162885
_d162885